| 000 | 00848nmc a2200289 a 4500 | ||
|---|---|---|---|
| 003 | AR-BaBNM | ||
| 005 | 20251128203549.0 | ||
| 008 | 297019s1983 ||||||||||||||000 | spa|| | ||
| 020 | _a950-07-0137-5 | ||
| 040 | _cAR-BaBNM | ||
| 100 | 1 | _aManrique, Francisco G. | |
| 245 | 1 | 0 | _aQué es el partido federal |
| 260 |
_aBuenos Aires _bSudamericana _c1983 |
||
| 300 | 0 |
_a180 p. _btablas, láms. |
|
| 490 | 0 | _aDe los partidos políticos nacionales | |
| 500 | 0 | _aContiene cronología para consultar p. 157-180. | |
| 600 | 1 | 4 | _aManrique, Francisco |
| 610 | 2 | 4 | _aPartido Federal [Argentina] |
| 650 | 4 | _aDEMOCRACIA | |
| 650 | 4 | _aPARTIDOS POLITICOS ARGENTINOS | |
| 650 | 4 | _aHISTORIA POLITICA ARGENTINA | |
| 650 | 4 | _aIDEOLOGIAS POLITICAS | |
| 651 | 4 | _aArgentina | |
| 800 | 1 |
_aPerrone, Alberto M. _edirector |
|
| 942 | _cBK | ||
| 998 | _cmariana | ||
| 999 |
_c3952 _d3952 |
||